| 000 | 01059nam a22003017a 4500 | ||
|---|---|---|---|
| 001 | BR8401008 | ||
| 003 | BR-BrBNA | ||
| 005 | 20230928091858.0 | ||
| 007 | ta | ||
| 008 | 230509b bl.||||| |||| 00| 0 por d | ||
| 040 |
_aBR-BrBNA _bpor _cBiblioteca Nacional de Agricultura |
||
| 041 | _a(Por) | ||
| 072 |
_aF00 _b1540 |
||
| 090 | _ 1540 BR8401008 | ||
| 100 | 1 | _aLeonel Neto, M. | |
| 110 | 1 |
_aEscola Superior de Agricultura de Lavras, MG (Brasil) _0Tese (Mestrado) |
|
| 245 | 1 | _aInfluencia da idade de colheita e espacamento sobre algumas caracteristicas de duas cultivares de mandioca (Manihot esculenta Crantz) | |
| 246 | 1 | _a[Influence of harvesting period and spacing on some characteristics of two cassava cultivars (Manihot esculenta Crantz)] | |
| 260 | 3 |
_aLavras, MG (Brasil): _c1983. |
|
| 300 | _a60 p. | ||
| 500 | _a18 illus.; Summaries (Eng, Por); Bibliography p. 49-57 (54 ref.) | ||
| 650 | _aMANDIOCA | ||
| 650 | _aESPACAMENTO | ||
| 650 | _aCOLHEITA | ||
| 650 | _aVARIEDADE | ||
| 909 |
_a202309 _bLucia _c55 _dLucia Elande |
||
| 942 | _cBK | ||
| 999 |
_c36007 _d36007 |
||